[Event "WYCC Girls 10"]
[Site "Porto Carras"]
[Date "2015.10.29"]
[Round "5.9"]
[White "Demeter, Dorina"]
[Black "Nguyen, Ngan Ha"]
[Result "0-1"]
[BlackElo "1459"]
[WhiteElo "1684"]
[LiveChessVersion "1.4.6"]

1. d4 {[%clk 1:30:53]} d5 {[%clk 1:30:37]} 2. c4 {[%clk 1:31:12]} e6
{[%clk 1:30:27]} 3. Nc3 {[%clk 1:31:32]} c5 {[%clk 1:30:15]} 4. cxd5
{[%clk 1:31:19]} exd5 {[%clk 1:29:59]} 5. e3 {[%clk 1:24:03]} cxd4
{[%clk 1:28:05]} 6. exd4 {[%clk 1:24:21]} Nc6 {[%clk 1:27:10]} 7. h3
{[%clk 1:19:52]} Nf6 {[%clk 1:25:06]} 8. Bg5 {[%clk 1:17:44]} Be7
{[%clk 1:23:53]} 9. Nf3 {[%clk 1:17:03]} O-O {[%clk 1:22:34]} 10. Bd3
{[%clk 1:15:47]} h6 {[%clk 1:18:38]} 11. Bh4 {[%clk 1:13:55]} Nh5
{[%clk 1:09:08]} 12. Bxe7 {[%clk 1:07:02]} Qxe7+ {[%clk 1:09:13]} 13. Qe2
{[%clk 1:00:49]} Qxe2+ {[%clk 1:07:54]} 14. Nxe2 {[%clk 1:00:34]} Nb4
{[%clk 1:06:23]} 15. Bb1 {[%clk 0:52:38]} Re8 {[%clk 1:03:27]} 16. Kd2
{[%clk 0:52:40]} Nf6 {[%clk 1:00:21]} 17. Nc3 {[%clk 0:43:16]} Ne4+
{[%clk 0:53:34]} 18. Nxe4 {[%clk 0:43:07]} dxe4 {[%clk 0:53:47]} 19. Re1
{[%clk 0:42:20]} Bf5 {[%clk 0:50:57]} 20. Nh4 {[%clk 0:15:05]} Bh7
{[%clk 0:50:45]} 21. g4 {[%clk 0:13:12]} Rad8 {[%clk 0:47:16]} 22. Kc3
{[%clk 0:11:39]} Nc6 {[%clk 0:46:20]} 23. Nf5 {[%clk 0:09:50]} Bxf5
{[%clk 0:43:21]} 24. gxf5 {[%clk 0:10:09]} Rxd4 {[%clk 0:41:27]} 25. Bc2
{[%clk 0:08:07]} Re5 {[%clk 0:39:09]} 26. b3 {[%clk 0:05:25]} Rc5+
{[%clk 0:37:42]} 27. Kb2 {[%clk 0:05:38]} Rd2 {[%clk 0:36:55]} 28. Rac1
{[%clk 0:04:14]} Nb4 {[%clk 0:33:26]} 29. Rxe4 {[%clk 0:03:32]} Nd3+
{[%clk 0:30:50]} 30. Kb1 {[%clk 0:02:48]} Nxc1 {[%clk 0:29:43]} 31. Re8+
{[%clk 0:02:28]} Kh7 {[%clk 0:30:04]} 32. Kxc1 {[%clk 0:02:39]} Rcxc2+
{[%clk 0:30:18]} 33. Kb1 {[%clk 0:02:49]} Rxa2 {[%clk 0:30:03]} 0-1

[Event "WYCC Girls 10"]
[Site "Porto Carras"]
[Date "2015.10.29"]
[Round "5.10"]
[White "Nguyen, Anh Nhu"]
[Black "Zvereva, Margarita"]
[Result "1-0"]
[BlackElo "1677"]
[WhiteElo "1462"]
[LiveChessVersion "1.4.6"]

1. e4 {[%clk 1:30:57]} c6 {[%clk 1:30:48]} 2. d4 {[%clk 1:31:20]} d5
{[%clk 1:31:13]} 3. e5 {[%clk 1:31:43]} Bf5 {[%clk 1:31:16]} 4. h4
{[%clk 1:31:57]} h6 {[%clk 1:30:03]} 5. g4 {[%clk 1:31:46]} Bd7 {[%clk 1:28:50]}
6. h5 {[%clk 1:27:00]} e6 {[%clk 1:24:33]} 7. f4 {[%clk 1:22:59]} c5
{[%clk 1:12:03]} 8. c3 {[%clk 1:21:14]} Nc6 {[%clk 1:08:57]} 9. Nf3
{[%clk 1:20:12]} Qb6 {[%clk 1:02:06]} 10. Rh2 {[%clk 1:17:26]} O-O-O
{[%clk 0:55:50]} 11. Kf2 {[%clk 1:05:51]} Kb8 {[%clk 0:44:43]} 12. Kg3
{[%clk 1:00:50]} Rc8 {[%clk 0:36:49]} 13. a4 {[%clk 0:52:10]} cxd4
{[%clk 0:31:09]} 14. cxd4 {[%clk 0:52:27]} Nge7 {[%clk 0:28:46]} 15. Nc3
{[%clk 0:44:19]} a6 {[%clk 0:24:44]} 16. Be3 {[%clk 0:34:01]} g6 {[%clk 0:22:39]}
17. Rb1 {[%clk 0:24:58]} gxh5 {[%clk 0:22:28]} 18. Rxh5 {[%clk 0:24:50]} Rg8
{[%clk 0:20:24]} 19. Bh3 Nf5+ {[%clk 0:15:54]} 20. Rxf5 {[%clk 0:12:21]} exf5
{[%clk 0:14:19]} 21. Nxd5 {[%clk 0:12:32]} Qd8 {[%clk 0:13:15]} 22. Nf6
{[%clk 0:11:20]} Rg7 {[%clk 0:10:58]} 23. g5 {[%clk 0:08:40]} Be7
{[%clk 0:07:55]} 24. Nh5 {[%clk 0:05:42]} Rg8 {[%clk 0:06:29]} 25. d5
{[%clk 0:04:47]} Nb4 {[%clk 0:04:30]} 26. d6 {[%clk 0:03:37]} Bf8
{[%clk 0:01:42]} 27. Nf6 {[%clk 0:03:20]} Rc6 {[%clk 0:00:33]} 28. Qd4
{[%clk 0:02:45]} b6 {[%clk 0:00:38]} 29. Qxb4 {[%clk 0:02:39]} a5
{[%clk 0:00:40]} 30. Qb5 {[%clk 0:02:42]} Rg7 {[%clk 0:00:46]} 31. Bxb6
{[%clk 0:02:12]} Rxb6 {[%clk 0:00:52]} 32. Nxd7+ {[%clk 0:02:36]} Kb7
{[%clk 0:00:57]} 33. Nxb6 {[%clk 0:02:43]} Qxb6 {[%clk 0:01:21]} 34. Qd7+
{[%clk 0:03:01]} Ka6 {[%clk 0:01:21]} 35. Bf1+ {[%clk 0:03:22]} Qb5
{[%clk 0:01:22]} 36. Bxb5+ {[%clk 0:03:45]} Kb6 {[%clk 0:01:28]} 37. Qc7#
{[%clk 0:04:09]} 1-0

[Event "WYCC Girls 10"]
[Site "Porto Carras"]
[Date "2015.10.31"]
[Round "6.1"]
[White "Mironenko, Galina"]
[Black "Divya, Deshmukh"]
[Result "1/2-1/2"]
[BlackElo "1772"]
[WhiteElo "1792"]
[LiveChessVersion "1.4.6"]

1. b3 {[%clk 1:30:59]} Nf6 {[%clk 1:30:53]} 2. Bb2 {[%clk 1:31:24]} g6
{[%clk 1:31:11]} 3. e3 {[%clk 1:31:48]} Bg7 {[%clk 1:31:35]} 4. f4
{[%clk 1:32:15]} O-O {[%clk 1:31:47]} 5. Nf3 {[%clk 1:32:41]} c5 {[%clk 1:32:06]}
6. c4 {[%clk 1:33:01]} Nc6 {[%clk 1:32:22]} 7. Be2 {[%clk 1:33:20]} d6
{[%clk 1:32:36]} 8. O-O {[%clk 1:33:37]} Bf5 {[%clk 1:32:10]} 9. Nc3
{[%clk 1:33:18]} Ne4 {[%clk 1:31:17]} 10. Nh4 {[%clk 1:32:17]} Nxc3
{[%clk 1:30:36]} 11. Bxc3 {[%clk 1:32:24]} Bxc3 {[%clk 1:25:44]} 12. dxc3
{[%clk 1:32:30]} e6 {[%clk 1:25:58]} 13. Nxf5 {[%clk 1:32:49]} exf5
{[%clk 1:26:18]} 14. Qd3 {[%clk 1:30:49]} Qf6 {[%clk 1:22:32]} 15. Bf3
{[%clk 1:29:39]} Rfe8 {[%clk 1:19:42]} 16. Rad1 {[%clk 1:29:34]} Rac8
{[%clk 1:15:36]} 17. Rfe1 {[%clk 1:28:39]} Re6 {[%clk 1:13:25]} 18. Bd5
{[%clk 1:27:21]} Re7 {[%clk 1:13:40]} 19. g3 {[%clk 1:23:15]} Rce8
{[%clk 1:01:59]} 20. Kf2 {[%clk 1:22:48]} h5 {[%clk 1:01:18]} 21. Bxc6
{[%clk 1:18:53]} bxc6 {[%clk 1:01:41]} 22. Qxd6 {[%clk 1:18:34]} Qxc3
{[%clk 1:02:04]} 23. Qd2 {[%clk 1:18:35]} Qg7 {[%clk 1:00:49]} 24. Re2
{[%clk 1:16:50]} h4 {[%clk 1:00:45]} 25. Rg1 {[%clk 0:46:16]} Qh8
{[%clk 0:59:34]} 26. Qd6 {[%clk 0:44:04]} hxg3+ {[%clk 0:57:08]} 27. hxg3
{[%clk 0:43:23]} Qc3 {[%clk 0:53:18]} 28. Qxc5 {[%clk 0:41:07]} a5
{[%clk 0:53:10]} 29. Rge1 {[%clk 0:40:31]} Re6 {[%clk 0:52:38]} 30. Qd4
{[%clk 0:40:15]} Qb4 {[%clk 0:52:53]} 31. c5 {[%clk 0:36:25]} Qb5
{[%clk 0:53:18]} 32. Rh1 {[%clk 0:35:07]} f6 {[%clk 0:53:19]} 33. Ree1
{[%clk 0:29:41]} Kg7 {[%clk 0:44:08]} 34. Rh3 {[%clk 0:27:54]} Qb4
{[%clk 0:42:01]} 35. Qxb4 {[%clk 0:27:03]} axb4 {[%clk 0:42:26]} 36. Reh1
{[%clk 0:27:26]} g5 {[%clk 0:39:44]} 37. Rh7+ {[%clk 0:25:31]} Kg8
{[%clk 0:39:39]} 38. Rh8+ {[%clk 0:24:21]} Kg7 {[%clk 0:40:03]} 39. R1h7+
{[%clk 0:23:51]} Kg6 {[%clk 0:40:28]} 40. Rh6+ {[%clk 0:53:20]} Kf7
{[%clk 1:09:55]} 41. Rxe8 {[%clk 0:50:56]} Rxe8 {[%clk 1:10:15]} 42. fxg5
{[%clk 0:51:21]} fxg5 {[%clk 1:10:39]} 43. Rxc6 {[%clk 0:51:08]} Ra8
{[%clk 1:11:00]} 44. Rb6 {[%clk 0:50:59]} Rxa2+ {[%clk 1:11:19]} 45. Kf3
{[%clk 0:51:23]} Rc2 {[%clk 1:10:38]} 46. c6 {[%clk 0:51:27]} Ke7
{[%clk 1:10:30]} 47. Rxb4 {[%clk 0:50:44]} Rxc6 {[%clk 1:10:55]} 48. Rb5
{[%clk 0:51:07]} Ke6 {[%clk 1:10:25]} 49. Rb8 {[%clk 0:50:07]} Rc2
{[%clk 1:10:21]} 50. Rb6+ {[%clk 0:49:03]} Ke5 {[%clk 1:10:31]} 51. Rb5+
{[%clk 0:49:11]} Ke6 {[%clk 1:08:45]} 52. g4 {[%clk 0:48:08]} fxg4+
{[%clk 1:09:02]} 53. Kxg4 {[%clk 0:48:30]} Rc3 {[%clk 1:09:26]} 54. Kf3
{[%clk 0:36:33]} g4+ {[%clk 1:09:11]} 55. Kf4 {[%clk 0:36:49]} g3
{[%clk 1:09:36]} 56. Rg5 {[%clk 0:37:15]} Rxb3 {[%clk 1:10:01]} 57. Rxg3
{[%clk 0:37:38]} Rb4+ {[%clk 1:10:27]} 58. e4 {[%clk 0:37:59]} Rb5
{[%clk 1:10:54]} 59. Rg6+ {[%clk 0:38:20]} Ke7 {[%clk 1:11:20]} 60. Rc6
{[%clk 0:38:03]} Ra5 {[%clk 1:11:46]} 61. e5 {[%clk 0:38:21]} Ra1
{[%clk 1:12:12]} 62. Rc4 {[%clk 0:32:51]} Rf1+ {[%clk 1:12:30]} 63. Ke4
{[%clk 0:33:16]} Re1+ {[%clk 1:12:55]} 64. Kd5 {[%clk 0:33:04]} Rd1+
{[%clk 1:12:56]} 65. Rd4 {[%clk 0:33:03]} Rxd4+ {[%clk 1:13:20]} 66. Kxd4
{[%clk 0:33:30]} Ke6 {[%clk 1:13:45]} 67. Ke4 {[%clk 0:33:54]} Kd7
{[%clk 1:14:11]} 68. Kd5 {[%clk 0:34:16]} Ke7 {[%clk 1:14:37]} 69. e6
{[%clk 0:34:35]} Ke8 {[%clk 1:15:03]} 70. Kd6 {[%clk 0:34:59]} Kd8
{[%clk 1:15:30]} 71. Ke5 {[%clk 0:35:14]} Ke7 {[%clk 1:15:55]} 72. Kf5
{[%clk 0:35:37]} Ke8 {[%clk 1:16:21]} 73. Kf6 {[%clk 0:36:00]} Kf8
{[%clk 1:16:47]} 74. e7+ {[%clk 0:36:21]} Ke8 {[%clk 1:17:14]} 75. Ke6
{[%clk 0:36:44]} 1/2-1/2

[Event "WYCC Girls 10"]
[Site "Porto Carras"]
[Date "2015.10.31"]
[Round "6.2"]
[White "Stepanyan, Eva"]
[Black "Mungunzul, Bat-Erdene"]
[Result "0-1"]
[BlackElo "1731"]
[WhiteElo "1611"]
[LiveChessVersion "1.4.6"]

1. e4 {[%clk 1:30:58]} e5 {[%clk 1:30:37]} 2. Nf3 {[%clk 1:31:21]} Nc6
{[%clk 1:30:49]} 3. Bb5 {[%clk 1:31:44]} a6 {[%clk 1:30:57]} 4. Ba4
{[%clk 1:32:06]} Nf6 {[%clk 1:30:30]} 5. d3 {[%clk 1:32:11]} b5 {[%clk 1:26:54]}
6. Bb3 {[%clk 1:32:20]} Be7 {[%clk 1:25:31]} 7. O-O {[%clk 1:31:58]} O-O
{[%clk 1:24:53]} 8. Re1 {[%clk 1:31:50]} d6 {[%clk 1:24:43]} 9. c3
{[%clk 1:31:24]} h6 {[%clk 1:24:23]} 10. h3 {[%clk 1:28:45]} Bb7 {[%clk 1:19:48]}
11. d4 {[%clk 1:15:20]} exd4 {[%clk 1:17:04]} 12. cxd4 {[%clk 1:14:42]} Re8
{[%clk 1:16:13]} 13. a3 {[%clk 1:10:02]} Bf8 {[%clk 1:13:22]} 14. Nc3
{[%clk 1:09:23]} Na5 {[%clk 1:06:20]} 15. Bc2 {[%clk 1:05:53]} g6
{[%clk 1:04:56]} 16. Bf4 {[%clk 1:02:02]} Bg7 {[%clk 1:03:34]} 17. Qd3
{[%clk 0:55:44]} Nc4 {[%clk 0:59:01]} 18. Rab1 {[%clk 0:47:51]} Qd7
{[%clk 0:52:22]} 19. Nd2 {[%clk 0:45:50]} Nxd2 {[%clk 0:50:03]} 20. Qxd2
{[%clk 0:45:50]} Kh7 {[%clk 0:49:02]} 21. f3 {[%clk 0:42:43]} Ng8
{[%clk 0:47:30]} 22. Qd3 {[%clk 0:41:07]} Kh8 {[%clk 0:45:16]} 23. Rbd1
{[%clk 0:40:25]} Rad8 {[%clk 0:43:05]} 24. g4 {[%clk 0:37:40]} Re7
{[%clk 0:40:19]} 25. Bg3 {[%clk 0:36:03]} c5 {[%clk 0:33:01]} 26. d5
{[%clk 0:31:30]} c4 {[%clk 0:32:24]} 27. Qf1 {[%clk 0:30:19]} Qc7
{[%clk 0:20:21]} 28. Bf2 {[%clk 0:24:32]} Bc8 {[%clk 0:18:20]} 29. Rb1
{[%clk 0:19:23]} Rf8 {[%clk 0:16:17]} 30. Bh4 {[%clk 0:18:05]} Ree8
{[%clk 0:15:40]} 31. Ne2 {[%clk 0:16:34]} f5 {[%clk 0:14:42]} 32. gxf5
{[%clk 0:15:55]} gxf5 {[%clk 0:12:20]} 33. Qg2 {[%clk 0:11:27]} Qf7
{[%clk 0:11:33]} 34. Rf1 {[%clk 0:08:07]} f4 {[%clk 0:09:47]} 35. Kh2
{[%clk 0:06:47]} Be5 {[%clk 0:09:57]} 36. Rg1 {[%clk 0:05:32]} Qh5
{[%clk 0:08:43]} 37. Be1 {[%clk 0:05:12]} Ne7 {[%clk 0:08:15]} 38. Qf1
{[%clk 0:04:08]} Rg8 {[%clk 0:08:23]} 39. Rxg8+ {[%clk 0:03:19]} Rxg8
{[%clk 0:08:44]} 40. Bc3 {[%clk 0:32:36]} Bxc3 {[%clk 0:38:28]} 41. bxc3
{[%clk 0:32:57]} Qh4 {[%clk 0:38:34]} 42. Ng1 {[%clk 0:27:10]} Qg3+
{[%clk 0:38:12]} 43. Kh1 {[%clk 0:27:29]} Rg5 {[%clk 0:35:52]} 44. Ne2
{[%clk 0:23:26]} Qh4 {[%clk 0:35:41]} 45. Ng1 {[%clk 0:22:48]} Rh5
{[%clk 0:34:48]} 46. Qe1 {[%clk 0:22:34]} Bxh3 {[%clk 0:32:14]} 47. Qxh4
{[%clk 0:22:53]} Rxh4 {[%clk 0:32:32]} 48. Nxh3 {[%clk 0:23:17]} Rxh3+
{[%clk 0:32:46]} 49. Kg2 {[%clk 0:23:42]} Rg3+ {[%clk 0:32:47]} 50. Kf2
{[%clk 0:24:06]} Ng6 {[%clk 0:32:55]} 51. a4 {[%clk 0:21:36]} Nh4
{[%clk 0:32:28]} 52. Bd1 {[%clk 0:21:01]} Rg2+ {[%clk 0:31:49]} 53. Ke1
{[%clk 0:20:39]} Nxf3+ {[%clk 0:31:35]} 54. Kf1 {[%clk 0:19:04]} Rg3
{[%clk 0:31:26]} 55. Kf2 {[%clk 0:18:25]} Nd2 {[%clk 0:31:32]} 56. Rb2
{[%clk 0:17:46]} Nxe4+ {[%clk 0:31:39]} 57. Kf1 {[%clk 0:17:35]} Nxc3
{[%clk 0:31:37]} 58. axb5 {[%clk 0:17:48]} Nxd1 {[%clk 0:31:29]} 59. b6
{[%clk 0:18:05]} Nxb2 {[%clk 0:31:41]} 60. b7 {[%clk 0:18:30]} Rb3
{[%clk 0:32:01]} 61. b8=Q+ Rxb8 {[%clk 0:32:09]} 62. Ke2 {[%clk 0:19:18]} Re8+
{[%clk 0:32:24]} 63. Kf3 {[%clk 0:19:43]} c3 {[%clk 0:32:37]} 64. Kxf4
{[%clk 0:20:08]} c2 {[%clk 0:32:24]} 65. Kf5 {[%clk 0:20:34]} c1=Q
{[%clk 0:32:41]} 66. Kg6 {[%clk 0:20:59]} Qg5+ {[%clk 0:33:01]} 67. Kf7
{[%clk 0:21:22]} Re7+ {[%clk 0:33:17]} 68. Kf8 {[%clk 0:21:47]} Qf6#
{[%clk 0:33:39]} 0-1

[Event "WYCC Girls 10"]
[Site "Porto Carras"]
[Date "2015.10.31"]
[Round "6.3"]
[White "Ziegenfuss, Antonia"]
[Black "Can, Isil"]
[Result "0-1"]
[BlackElo "1795"]
[WhiteElo "1608"]
[LiveChessVersion "1.4.6"]

1. e4 {[%clk 1:30:58]} e5 {[%clk 1:30:56]} 2. Nf3 {[%clk 1:31:22]} Nc6
{[%clk 1:31:21]} 3. Bc4 {[%clk 1:31:46]} Bc5 {[%clk 1:31:46]} 4. b4
{[%clk 1:31:52]} Bxb4 {[%clk 1:32:10]} 5. c3 {[%clk 1:32:12]} Be7
{[%clk 1:32:24]} 6. d4 {[%clk 1:32:15]} Na5 {[%clk 1:32:49]} 7. Be2
{[%clk 1:32:37]} exd4 {[%clk 1:31:35]} 8. Qxd4 {[%clk 1:32:47]} Nc6
{[%clk 1:25:31]} 9. Qxg7 {[%clk 1:30:36]} Bf6 {[%clk 1:25:55]} 10. Qg3
{[%clk 1:30:23]} d6 {[%clk 1:26:06]} 11. O-O {[%clk 1:18:30]} Be6
{[%clk 1:24:30]} 12. Re1 {[%clk 1:16:00]} Qd7 {[%clk 1:24:28]} 13. Bb5
{[%clk 1:14:31]} O-O-O {[%clk 1:23:36]} 14. Bg5 {[%clk 1:09:07]} Bxg5
{[%clk 1:19:22]} 15. Qxg5 {[%clk 1:09:24]} f6 {[%clk 1:19:28]} 16. Qe3
{[%clk 1:08:26]} Nge7 {[%clk 1:17:51]} 17. Nd4 {[%clk 1:06:39]} Rhg8
{[%clk 1:15:45]} 18. Nxe6 {[%clk 1:03:30]} Qxe6 {[%clk 1:15:58]} 19. a4
{[%clk 1:00:07]} a6 {[%clk 1:14:26]} 20. Bf1 {[%clk 1:00:12]} Qg4
{[%clk 1:07:34]} 21. Na3 {[%clk 0:54:30]} Ne5 {[%clk 1:06:16]} 22. Kh1
{[%clk 0:53:45]} N7c6 {[%clk 1:03:55]} 23. Rab1 {[%clk 0:48:15]} Rg6
{[%clk 1:00:04]} 24. Qd2 {[%clk 0:43:34]} Nf3 {[%clk 0:58:15]} 25. Qb2
{[%clk 0:36:59]} Nxe1 {[%clk 0:58:32]} 26. Qxb7+ {[%clk 0:33:55]} Kd7
{[%clk 0:58:53]} 27. Rxe1 {[%clk 0:33:26]} Rdg8 {[%clk 0:39:03]} 28. Qxa6
{[%clk 0:28:22]} Rh6 {[%clk 0:25:20]} 29. h3 {[%clk 0:24:32]} Rxh3+
{[%clk 0:25:07]} 30. Kg1 {[%clk 0:24:54]} Qh4 {[%clk 0:24:28]} 0-1

[Event "WYCC Girls 10"]
[Site "Porto Carras"]
[Date "2015.10.31"]
[Round "6.4"]
[White "Munkhzul, Davaakhuu"]
[Black "Kamalidenova, Meruert"]
[Result "1-0"]
[BlackElo "1720"]
[WhiteElo "1582"]
[LiveChessVersion "1.4.6"]

1. e4 {[%clk 1:30:56]} d6 {[%clk 1:30:48]} 2. d4 {[%clk 1:31:12]} Nf6
{[%clk 1:31:05]} 3. Nc3 {[%clk 1:30:55]} e5 {[%clk 1:31:18]} 4. Nf3
{[%clk 1:29:20]} Nbd7 {[%clk 1:31:16]} 5. Bc4 {[%clk 1:27:56]} Be7
{[%clk 1:30:53]} 6. Qd3 {[%clk 1:17:46]} O-O {[%clk 1:28:28]} 7. Bb3
{[%clk 1:16:32]} c6 {[%clk 1:18:23]} 8. O-O {[%clk 1:14:17]} b6 {[%clk 1:17:21]}
9. Bg5 {[%clk 1:11:36]} Bb7 {[%clk 1:13:47]} 10. Nh4 {[%clk 1:06:18]} exd4
{[%clk 1:11:09]} 11. Qxd4 {[%clk 1:04:24]} c5 {[%clk 1:08:55]} 12. Qd2
{[%clk 0:48:18]} Nxe4 {[%clk 0:59:01]} 13. Nxe4 {[%clk 0:48:30]} Bxe4
{[%clk 0:59:06]} 14. Bxe7 {[%clk 0:47:43]} Qxe7 {[%clk 0:59:19]} 15. g3
{[%clk 0:43:52]} Ne5 {[%clk 0:50:13]} 16. Rae1 {[%clk 0:40:12]} Qxh4
{[%clk 0:40:29]} 17. f4 {[%clk 0:39:37]} Qh6 {[%clk 0:27:55]} 18. Rxe4
{[%clk 0:38:30]} Ng4 {[%clk 0:19:52]} 19. Qe2 {[%clk 0:36:38]} Nf6
{[%clk 0:19:01]} 20. Re7 {[%clk 0:36:47]} d5 {[%clk 0:15:35]} 21. Rd1
{[%clk 0:32:41]} d4 {[%clk 0:14:36]} 22. Re1 {[%clk 0:30:45]} Qg6
{[%clk 0:12:49]} 23. Qf3 {[%clk 0:28:37]} Rad8 {[%clk 0:09:58]} 24. Rxa7
{[%clk 0:27:34]} h6 {[%clk 0:10:08]} 25. Ree7 {[%clk 0:27:42]} b5
{[%clk 0:07:19]} 26. Bxf7+ {[%clk 0:25:52]} Rxf7 {[%clk 0:07:18]} 27. Rxf7
{[%clk 0:26:17]} Nh5 {[%clk 0:05:01]} 28. Qb7 {[%clk 0:23:02]} Re8
{[%clk 0:04:04]} 29. Re7 {[%clk 0:21:49]} Rf8 {[%clk 0:03:45]} 30. Qd5+
{[%clk 0:21:19]} Kh8 {[%clk 0:02:59]} 31. Qxc5 {[%clk 0:16:36]} Nxf4
{[%clk 0:01:22]} 32. Qe5 {[%clk 0:10:26]} Nh5 {[%clk 0:01:06]} 33. Re6
{[%clk 0:09:32]} Nf6 {[%clk 0:00:48]} 34. Qc5 {[%clk 0:08:53]} Rd8
{[%clk 0:00:44]} 35. Qc7 {[%clk 0:08:28]} Rg8 {[%clk 0:01:06]} 36. Qf7
{[%clk 0:07:29]} Qg5 {[%clk 0:00:40]} 37. Re1 {[%clk 0:07:05]} Qc5
{[%clk 0:00:36]} 38. Qc7 {[%clk 0:07:09]} Qg5 {[%clk 0:00:35]} 39. Qe5
{[%clk 0:07:23]} Qg6 {[%clk 0:00:41]} 40. Qxd4 {[%clk 0:36:41]} Qxc2
{[%clk 0:30:34]} 41. Qc3 {[%clk 0:36:25]} Qg6 {[%clk 0:27:09]} 42. Qc5
{[%clk 0:35:55]} Qg4 {[%clk 0:26:06]} 43. Rf1 {[%clk 0:33:51]} Qe6
{[%clk 0:24:28]} 44. a3 {[%clk 0:29:15]} Qe4 {[%clk 0:23:12]} 45. Re7
{[%clk 0:27:23]} Qd3 {[%clk 0:20:30]} 46. Re3 {[%clk 0:27:21]} Qg6
{[%clk 0:19:52]} 47. Qxb5 {[%clk 0:27:19]} 1-0

[Event "WYCC Girls 10"]
[Site "Porto Carras"]
[Date "2015.10.31"]
[Round "6.5"]
[White "Song, Yuxin"]
[Black "Altantuya, Boldbaatar"]
[Result "1-0"]
[BlackElo "1561"]
[WhiteElo "1700"]
[LiveChessVersion "1.4.6"]

1. e4 {[%clk 1:30:56]} c5 {[%clk 1:30:33]} 2. Nf3 {[%clk 1:31:18]} e6
{[%clk 1:30:49]} 3. c4 {[%clk 1:31:42]} Nc6 {[%clk 1:30:16]} 4. Be2
{[%clk 1:32:04]} Nf6 {[%clk 1:29:45]} 5. Nc3 {[%clk 1:32:21]} d5 {[%clk 1:29:33]}
6. cxd5 {[%clk 1:27:31]} exd5 {[%clk 1:29:52]} 7. exd5 {[%clk 1:23:55]} Nxd5
{[%clk 1:30:08]} 8. O-O {[%clk 1:23:20]} Be7 {[%clk 1:24:48]} 9. Bb5
{[%clk 1:21:51]} O-O {[%clk 1:15:49]} 10. Bxc6 {[%clk 1:07:35]} bxc6
{[%clk 1:16:04]} 11. d4 {[%clk 1:02:52]} cxd4 {[%clk 1:14:44]} 12. Nxd4
{[%clk 0:56:29]} Nxc3 {[%clk 1:14:49]} 13. bxc3 {[%clk 0:54:22]} Bb7
{[%clk 1:13:34]} 14. Rb1 {[%clk 0:52:08]} Qc7 {[%clk 1:11:44]} 15. Qg4
{[%clk 0:46:58]} Bc8 {[%clk 1:03:02]} 16. Qf3 {[%clk 0:46:10]} Bd7
{[%clk 1:01:25]} 17. Bf4 {[%clk 0:44:26]} Bd6 {[%clk 1:01:04]} 18. Bxd6
{[%clk 0:41:51]} Qxd6 {[%clk 1:01:26]} 19. Rfd1 {[%clk 0:37:42]} Qg6
{[%clk 0:58:17]} 20. Qg3 {[%clk 0:36:31]} Qxg3 {[%clk 0:55:42]} 21. hxg3
{[%clk 0:35:34]} c5 {[%clk 0:55:27]} 22. Nb5 {[%clk 0:33:32]} Bf5
{[%clk 0:55:36]} 23. Ra1 {[%clk 0:31:09]} a6 {[%clk 0:54:07]} 24. Nd6
{[%clk 0:27:57]} Bg6 {[%clk 0:53:59]} 25. Rd5 {[%clk 0:27:28]} Rad8
{[%clk 0:45:14]} 26. Rad1 {[%clk 0:27:46]} Rd7 {[%clk 0:43:11]} 27. Rxc5
{[%clk 0:26:15]} Rfd8 {[%clk 0:42:50]} 28. Rc6 {[%clk 0:26:00]} a5
{[%clk 0:39:09]} 29. c4 {[%clk 0:25:53]} Be4 {[%clk 0:37:28]} 30. Ra6
{[%clk 0:25:07]} Rc7 {[%clk 0:35:31]} 31. Kh2 {[%clk 0:23:37]} h6
{[%clk 0:34:36]} 32. Rd4 {[%clk 0:21:37]} Bc6 {[%clk 0:26:03]} 33. Rxa5
{[%clk 0:21:44]} Rcd7 {[%clk 0:25:10]} 34. c5 {[%clk 0:22:05]} Kh7
{[%clk 0:23:39]} 35. a4 {[%clk 0:21:50]} Re7 {[%clk 0:20:15]} 36. Ra6
{[%clk 0:21:47]} Ba8 {[%clk 0:19:06]} 37. Nf5 {[%clk 0:21:30]} Rxd4
{[%clk 0:18:03]} 38. Nxd4 {[%clk 0:21:53]} Bd5 {[%clk 0:17:26]} 39. Rd6
{[%clk 0:21:55]} Ba8 {[%clk 0:16:43]} 40. Rd8 {[%clk 0:51:56]} Bb7
{[%clk 0:43:26]} 41. c6 {[%clk 0:52:03]} Ba6 {[%clk 0:43:47]} 42. Rd7
{[%clk 0:52:20]} Re5 {[%clk 0:41:37]} 43. Rxf7 {[%clk 0:52:03]} Re4
{[%clk 0:35:28]} 44. Ra7 {[%clk 0:50:48]} Bc8 {[%clk 0:34:13]} 45. Nb5
{[%clk 0:50:51]} Rc4 {[%clk 0:32:44]} 46. c7 {[%clk 0:49:51]} Rc6
{[%clk 0:32:48]} 47. a5 {[%clk 0:49:51]} Bd7 {[%clk 0:29:22]} 48. Rb7
{[%clk 0:49:42]} h5 {[%clk 0:27:59]} 49. Na7 {[%clk 0:49:50]} Rc4
{[%clk 0:27:45]} 50. a6 {[%clk 0:49:46]} Rc5 {[%clk 0:27:03]} 51. c8=Q
{[%clk 0:49:44]} Bxc8 {[%clk 0:27:13]} 52. Nxc8 {[%clk 0:50:10]} Rxc8
{[%clk 0:27:35]} 53. a7 {[%clk 0:50:37]} Ra8 {[%clk 0:27:45]} 54. Kg1
{[%clk 0:50:57]} Kg6 {[%clk 0:27:33]} 55. Kf1 {[%clk 0:51:24]} Kf6
{[%clk 0:27:12]} 56. Ke2 {[%clk 0:51:51]} g6 {[%clk 0:26:51]} 57. Kd3
{[%clk 0:52:19]} Ke5 {[%clk 0:26:08]} 58. Kc4 {[%clk 0:52:37]} Kd6
{[%clk 0:25:44]} 59. Kb5 {[%clk 0:53:04]} g5 {[%clk 0:24:25]} 60. Kb6
{[%clk 0:53:31]} Rc8 {[%clk 0:22:29]} 61. Rb8 {[%clk 0:53:42]} 1-0